| 000 | 00848nam a22002417i 4500 | ||
|---|---|---|---|
| 003 | DO-SdBNP | ||
| 005 | 20251201093147.0 | ||
| 007 | ta | ||
| 008 | 201120b1973 dr ||||e |||| 00| 0 esp d | ||
| 040 |
_aDO-SdBNP _bspa _cBNPHU _erda |
||
| 041 | _hspa | ||
| 082 |
_axxx _bM637p _222 |
||
| 245 | _aMil preguntas y respuestas a línea directa | ||
| 264 |
_a[Ciudad desconocida] : _b[Listín Diario.] , _c1973. |
||
| 300 |
_a206 páginas. ; _c18 cm |
||
| 336 |
_ardacontent _btexto _2txt |
||
| 337 |
_ardamedia _bsin mediación _2n |
||
| 338 |
_ardacarrier _bvolumen _2nc |
||
| 500 | _aUna recopilación de las mil preguntas más interesantes hechas a la sección "lineas directas del periódico Listín Diario, desde su inicio al 29 de marzo del 1969 al 31 de diciembre de 1970. | ||
| 590 | _aInventariado,2025/DG | ||
| 910 | _aDG | ||
| 942 |
_2ddc _cLBS1 |
||
| 999 |
_c49176 _d49176 |
||